000 00349nam a2200133Ia 4500
003 GCL
008 140319s9999 xx 000 0 ara d
040 _aGCL /
_cGCL
082 0 4 _a813.03
_bج ك
245 1 0 _aكتاب التجليات, السفر الثالث
260 _a[S.N] :
_bدار المستقبل ،
_c1986
300 _a291 ص
490 _a
999 _c54948
_d54948